00519nam a2200169Ia 4500003000900000008004100009020001800050040001600068080001500084100002300099245012600122260003500248300001300283650001400296650001900310650002000329IN-BaIIA211028s9999 xx 000 0 eng d a0-670-84032-7 cIIA Library a92:52bWAL aWali, Kameshwar C. 0aChandraba biography of S.Chandrasekhar by Kameshwar C.WalicKameshwar C. Wali  aNew DelhibPenguin Booksc1991 aix,341p. aBiography aNASA Thesaurus aS Chandrasekhar